000 00685nam a2200217Ia 4500
005 20260429112013.0
008 260429s9999||||xx |||||||||||||| ||und||
020 _a9781032204857
041 _aEnglish
082 _a658.827
_bCUO
100 _aCuomo, Maria Teresa
245 0 _aDigital transformation and corporate branding :
_bopportunities and pitfalls for identity and reputation management /
_cMaria Teresa Cuomo
250 _a1st ed.
260 _aNew Delhi :
_bRoutledge,
_c2024.
300 _axv, 306 p.; hb
650 _a Digital transformation
650 _a Reputation management
650 _aCorporate branding
700 _a Vinogradova, Polina
942 _cTB
999 _c51840
_d51840